=LDR 00000nam 2200000 4500 =001 INLIS000000000015664 =005 20130612110934 =008 ***********************************Indo** =035 ##$$0010-061300000015664 =041 ##$$a Indo =082 ##$$a 028.5 =090 ##$$a 028.5, Bas r =100 ##$$a Basya Abdurahman Ra'fat =245 ##$$a Raja Bin Haywah Si Lidah Emas, Drs.Abdurahman Ra'fat Basya, Penerjemah Masykur Ab =250 ##$$a Seri Kisah Para Tabein =260 ##$$a 1997 $b Bandung =300 ##$$a 24 hlm, ilus, 19 cm =650 ##$$a Bacaan Kanak-Kanak =700 ##$$a Masykur Ab =850 ##$$a NBPNMAT